000 00685cam a2200229 4500
001 ABS62674
008 000000n2000 000 0 eng u
035 _a(Sirsi) u107804
100 _aHewes, M.
245 4 _aThe top 100
260 _c2000
490 _aBuilding
_v265(8147) 28 July 2000, 39-53(15)
520 _aDetailed analysis of the top 100 contractors and housebuilders in the UK. Rankings by turnover, profit and operating margin. Details of average pay.
590 _aABS
650 _aRANKINGS
650 _aLEAGUE TABLE
650 _aCONTRACTORS
650 _aHOUSE BUILDERS
650 _aCONSTRUCTION COMPANIES
690 _aBUILT ENVIRONMENT
942 _n0
999 _c64391
_d64391